The political basis of economic development
Uloženo v:
| Hlavní autoři: | , |
|---|---|
| Médium: | Kniha |
| Jazyk: | angličtina |
| Vydáno: |
Princeton
D. van Nostrand
1966
|
| Edice: | Current Thoght Series, 7
|
| Témata: | |
| Tagy: |
Přidat tag
Žádné tagy, Buďte první, kdo vytvoří štítek k tomuto záznamu!
|
MARC
| LEADER | 00000nam a2200000 a 4500 | ||
|---|---|---|---|
| 001 | UCO7976 | ||
| 003 | CL-VaPUC | ||
| 008 | 001124e19660000us |||||||||||||||||eng|d | ||
| 082 | 0 | 4 | |a 338.9 |b HOL |2 21 |
| 100 | 0 | |a Holt, Robert T |e author |9 452773 | |
| 700 | 0 | |a Turner, John E |e author |9 452774 | |
| 245 | 1 | 4 | |a The political basis of economic development |
| 300 | |a 206 p | ||
| 942 | |c BK | ||
| 945 | |d 20001124 00:00:00 |a crobeson | ||
| 260 | |a Princeton |b D. van Nostrand |c 1966 | ||
| 500 | |a Donación del profesor Manfred Wilhelmy von Wolff | ||
| 650 | 0 | |a Desarrollo económico y social |9 256320 | |
| 650 | 0 | |a Crecimiento económico |9 314037 | |
| 650 | 0 | |a Política económica |9 255029 | |
| 650 | 0 | |a Integración económica |9 255024 | |
| 583 | |a last modification |c 20150504 03:33:51 |k Rodrigo Vera | ||
| 490 | 0 | |a Current Thoght Series, 7 | |
| 999 | |c 292788 |d 292786 | ||
| 952 | |0 0 |1 0 |4 0 |6 338_900000000000000_HOL_1966 |7 0 |8 A |9 343861 |a BIBHIS |b BIBHIS |d 2019-11-20 |i 122994K |o 338.9 HOL 1966 |p 122994K |r 2025-01-20 |w 2019-11-20 |y BK |k HIS | ||